| 000 | 00445nam a2200169 i 4500 | ||
|---|---|---|---|
| 001 | 49204 | ||
| 003 | ES-MaACL | ||
| 005 | 20230906161914.0 | ||
| 007 | t| | ||
| 008 | 030710s1974 ag ||||1| spa d | ||
| 100 | 1 |
_aCortázar, Julio. _940823 |
|
| 245 | 1 | 0 |
_aRayuela / _cJulio Cortázar. |
| 250 | _a16ª ed. | ||
| 260 |
_aBuenos Aires : _bEditorial Sudamericana, _c[1974] |
||
| 300 |
_a635 p. ; _c18 cm. |
||
| 852 |
_aES-MaACL _jE-8070 _bR.92492 |
||
| 999 |
_c49204 _d49204 |
||